000 01463cab a2200349 4500
001 ABS52449
008 090401t1994 xxu||||| |||| 00| 0 eng d
035 _a(Sirsi) u78876
041 _aeng
100 _aTurner, N.J.K.
245 _aAssessing the environmental risks of property investment portfolios
260 _c1994
350 _a0
490 _aJournal of Property Finance
_v5(4) 1994, 68-83(8)
520 _aOutlines areas of risk to returns in property investment posed by environmental issues, but concentrates on liabilities arising from the potential of occupiers to cause pollution. Offers a range of information sources and analytical tools as an aid to the assessment of such risks. Draws attention to registers of contaminated land, the planning system, British Standards, government guidance and legal precedents, and describes models such as `system-based environmental risk rating`.
650 _aContamination
_96231
650 _aENVIRONMENTAL RISK
650 _aINFORMATION SOURCES
650 _aINVESTORS
650 _aLANDLORD LIABILITY
650 _aLANDLORDS
650 _aLIABILITY
650 _aRISK ASSESSMENT
650 _aSYSTEM-BASED ENVIRONMENTAL RISK RATING
650 _aTENANTS
690 _aPROPERTY-COMMERCIAL PROPERTY-COMMERCIAL PROPERTY FINANCE AND INVESTMENT
690 _aFINANCE AND INVESTMENT
700 _aGronow, S.A.
700 _aPritchard, P.
942 _n0
948 _c04/03/1997
999 _c49577
_d49577